| 000 | 00419nam a2200133Ia 4500 | ||
|---|---|---|---|
| 005 | 20260326235502.0 | ||
| 008 | 260326s9999||||xx |||||||||||||| ||und|| | ||
| 100 | _aSanta María, Rodolfo | ||
| 245 | 0 |
_aArquitectura del Siglo XX en el Centro Histórico de la Ciudad de México / _cRodolfo Santa María |
|
| 260 | _bUniversidad Autónoma Metropolitana | ||
| 300 | _a225 p. | ||
| 650 | _aARQUITECTURA REGIONAL | ||
| 942 | _cBK | ||
| 999 |
_c8085 _d8085 |
||